Catalog

Record Details

Catalog Search



Available copies

  • 1 of 1 copy available at LARL/NWRL Consortium. (Show)
  • 1 of 1 copy available at Northwest Regional Library.

Current holds

0 current holds with 1 total copy.

Show Only Available Copies
Location Call Number / Copy Notes Barcode Shelving Location Status Due Date
Red Lake Falls Public Library 332.6442 MOR (Text) 35500004740476 Main Available -

Record details

  • ISBN: 9781933596792
  • ISBN: 1933596791
  • Physical Description: 116 p. ; 22 cm.
  • Publisher: Garden City, N.Y. : Get the Skinny Books, c2006.
Subject: Precious metals
Metals as an investment.
LDR 00780nam a2200241Ia 4500
001123504
003LARL_NWRL_CONSORTIUM
00520081117064111.0
008061206s2006 nyu 000 0 eng d
020 . ‡a9781933596792
020 . ‡a1933596791
035 . ‡a(OCoLC)76896100
040 . ‡aYEP ‡cYEP ‡dBAKER
0410 . ‡aeng
049 . ‡aNRG
1001 . ‡aMorgan, David. ‡0(LARL_NWRL_CONSORTIUM)128601
24510. ‡aGet the skinny on silver investing / ‡cDavid Morgan.
260 . ‡aGarden City, N.Y. : ‡bGet the Skinny Books, ‡cc2006.
300 . ‡a116 p. ; ‡c22 cm.
650 0. ‡aPrecious metals ‡0(LARL_NWRL_CONSORTIUM)28712
650 0. ‡aMetals as an investment.
901 . ‡a123504 ‡bISxN ‡c123504 ‡tbiblio

Additional Resources